[Event "Mechanics' Winter TNM; G/2 d5"]
[Site "San Francisco"]
[Date "2019.02.05"]
[Round "5.1"]
[White "Diaz, Conrado"]
[Black "Ivanov, Aleksandr"]
[Result "1/2-1/2"]
[WhiteElo "2343"]
[BlackElo "2171"]
[Annotator "Winslow,Elliott"]
[PlyCount "109"]
[EventDate "2019.01.08"]
[EventType "swiss"]
[EventRounds "8"]
[EventCountry "USA"]

1. d4 d5 2. Bf4 e6 3. e3 Nf6 4. Nd2 c5 5. c3 Nc6 6. Ngf3 Bd6 7. Bg3 O-O 8. Bd3
b6 9. Ne5 Bb7 10. Nxc6 Bxc6 11. O-O Qc7 12. Bxd6 Qxd6 13. f4 Ne4 14. Qc2 Nxd2
15. Qxd2 f5 (15... c4) 16. Rf3 Rf7 17. Rh3 c4 18. Bc2 b5 19. g4 g6 20. g5 a5
21. Rh6 Rg7 (21... b4 $11) 22. h4 Raa7 (22... b4) 23. h5 Be8 24. hxg6 Bxg6 25.
Bd1 Qe7 $6 (25... Rgb7 $14) 26. Kf2 Rb7 27. a3 Qf7 28. Bf3 Qe8 29. Rah1 Qb8 30.
Bh5 Bxh5 31. R6xh5 b4 $6 32. axb4 axb4 33. Kf3 bxc3 34. bxc3 Rb2 35. Qc1 Qb3 (
35... Rgb7 $16) 36. R5h2 (36. Rh6 $18) 36... Rb7 37. g6 Rxh2 38. Rxh2 hxg6 39.
Qh1 Rg7 40. Rh8+ Kf7 41. Qa1 Qb7 42. Ra8 Kf6 43. Qa3 Re7 44. Qa1 Rh7 45. Qa3
Re7 46. Qa1 Rh7 47. Qa5 Rc7 48. Rf8+ Kg7 49. Re8 Re7 50. Ra8 Rc7 51. Kg3 Rd7
52. Qa4 Re7 53. Qa3 Kf7 54. Qa5 Qb1 55. Qd8 1/2-1/2

[Event "Mechanics' Winter TNM; G/2 d5"]
[Site "San Francisco"]
[Date "2019.02.05"]
[Round "5.2"]
[White "Walder, Michael"]
[Black "Winslow, Elliott"]
[Result "1-0"]
[WhiteElo "1970"]
[BlackElo "2318"]
[Annotator "Winslow,Elliott"]
[PlyCount "79"]
[EventDate "2019.01.08"]
[EventType "swiss"]
[EventRounds "8"]
[EventCountry "USA"]

1. e4 d6 2. d4 Nf6 3. Nc3 g6 4. Bg5 c6 5. Qd2 Nbd7 (5... b5 6. e5 $1 b4 7. exf6
bxc3 8. Qxc3 exf6 9. Bf4 $1 Bg7 10. O-O-O O-O 11. Qg3) 6. Bh6 {Curiously not
in Marin's book -- and only played seven times.} (6. f4 d5 $1 7. e5 Ne4 $1 8.
Nxe4 dxe4 9. Qe3 f6 10. exf6 exf6 11. Qxe4+ Kf7 12. Bh4 Bb4+ 13. Kf2 Nb6) (6.
Nf3 h6 $1 (6... Bg7 7. e5 dxe5 8. dxe5 Ng4 9. e6) 7. Bf4 g5 8. Bg3 Nh5 9. O-O-O
Qa5 10. Bc4 g4 11. Ne2) 6... Bxh6 7. Qxh6 e5 (7... Qa5 8. Qd2 (8. Bd3 c5 9.
Nge2 cxd4 10. Nxd4 Qb6 11. Qe3 Qxb2 12. Kd2 Qb6 13. f3 a6 14. Rab1 Qc5 15. a4
O-O 16. h4 h5 17. Nb3 Qxe3+ 18. Kxe3 b6 19. Nd2 Ra7 20. Nc4 Rc7 21. Kd2 Bb7 22.
Nxb6 Nxb6 23. Rxb6 Nd7 24. Rb4 Nc5 25. a5 Rfc8 26. Rhb1 Nxd3 27. cxd3 Rxc3 28.
Rxb7 Rc2+ 29. Ke3 e5 30. Rb8 Rxb8 31. Rxb8+ Kg7 32. Rb6 Rxg2 33. Rxa6 Ra2 34.
f4 Rh2 35. Rxd6 exf4+ 36. Kxf4 Rxh4+ 37. Kf3 Rh1 38. e5 Rf1+ 39. Kg3 {1/2-1/2 
(39) Tolnai,T (2490)-McNab,C (2475) Norresundby 1992}) (8. O-O-O b5 9. e5 dxe5
10. dxe5 Nxe5 11. Qf4 b4 12. Ne4 Nxe4 13. Qxe4 Bf5 14. Qe3 O-O 15. Re1 Ng4 16.
Qxe7 Qxa2 17. Qxb4 Rab8 18. Qc3 Rfd8 19. b3 Qa3+ 20. Qb2 Qxb2+ 21. Kxb2 Nxf2
22. Bc4 Nxh1 {0-1 (22) Tonel,G (2001)-Correa,J (1928) Chotowa 2010}) 8... b5 9.
Bd3 Bb7 10. Nf3 a6 11. O-O c5 12. dxc5 b4 13. Ne2 Qxc5 14. Ng3 h5 15. Rfe1 h4
16. Nf1 h3 17. g3 d5 18. e5 Ne4 19. Bxe4 dxe4 20. Rad1 O-O-O 21. Ng5 Nxe5 22.
Qf4 Rxd1 23. Rxd1 f6 24. Nxe4 Qc6 25. Re1 g5 26. Qe3 Qxe4 {0-1 (26) Szabo,G 
(2398)-Manolache,M (2426) Bucharest 2001}) 8. O-O-O Qe7 9. f3 b5 10. d5 b4 11.
Na4 cxd5 12. exd5 Bb7 13. Bc4 Rc8 14. b3 Nb6 15. Nxb6 axb6 16. Nh3 Rc5 17. Nf2
Bxd5 18. Bxd5 Rxd5 19. Rxd5 Nxd5 20. Ne4 f5 21. Rd1 fxe4 22. Rxd5 exf3 23. gxf3
Rf8 24. Qd2 Rxf3 25. Rxd6 Rf1+ 26. Kb2 Rf6 27. Rxf6 Qxf6 28. Qxb4 e4+ 29. Qc3
Ke7 30. a4 h5 31. Qxf6+ Kxf6 32. b4 Ke5 33. a5 bxa5 34. bxa5 Kd6 35. Kc3 Kc5
36. a6 Kb6 37. Kd4 Kxa6 38. Kxe4 Kb5 39. h4 Kc4 40. Kf4 1-0

[Event "Mechanics' Winter TNM; G/2 d5"]
[Site "San Francisco"]
[Date "2019.02.05"]
[Round "5.3"]
[White "Tsodikova, Natalya"]
[Black "Drane, Robert"]
[Result "1-0"]
[WhiteElo "2185"]
[BlackElo "1800"]
[Annotator "Winslow,Elliott"]
[PlyCount "66"]
[EventDate "2019.01.08"]
[EventType "swiss"]
[EventRounds "8"]
[EventCountry "USA"]

1. e4 Nf6 2. e5 Nd5 3. Bc4 Nb6 4. Bb3 c5 5. c3 Nc6 6. Nf3 d5 7. d4 cxd4 8. cxd4
Bg4 9. Be3 e6 10. Nc3 Be7 11. O-O O-O 12. Ne2 $6 f6 $1 13. exf6 Bxf6 $17 14.
Ng3 Bh4 15. h3 Bxf3 16. gxf3 e5 17. dxe5 Nxe5 18. Bxb6 Qxb6 $1 19. Qxd5+ Kh8
20. Qxe5 Rae8 21. Qh5 Bxg3 22. Qg4 (22. Rac1) 22... Bb8 23. Rfe1 Qd6 24. f4
Qxf4 25. Qxf4 Bxf4 26. Rxe8 Rxe8 27. Rd1 Be5 28. Bf7 Rb8 29. b3 h6 30. h4 g5
31. h5 Kg7 32. Rd7 Kf6 33. Bd5 Rh8 $4 1-0

[Event "Mechanics' Winter TNM; G/2 d5"]
[Site "San Francisco"]
[Date "2019.02.05"]
[Round "5.4"]
[White "Clemens, Kristian"]
[Black "Gaffagan, Steven"]
[Result "1/2-1/2"]
[WhiteElo "2002"]
[BlackElo "2054"]
[Annotator "Winslow,Elliott"]
[PlyCount "45"]
[EventDate "2019.01.08"]
[EventType "swiss"]
[EventRounds "8"]
[EventCountry "USA"]

1. Nf3 Nf6 2. d4 g6 3. c4 Bg7 4. Nc3 O-O 5. e4 d6 6. Be2 e5 7. d5 a5 8. Bg5 h6
9. Bh4 Na6 10. Nd2 Nc5 11. O-O Bd7 12. b3 Qe8 13. a3 h5 14. b4 Na4 15. Qc2 Nxc3
16. Qxc3 Nh7 17. f3 f5 18. c5 g5 19. Bf2 axb4 20. axb4 Rxa1 21. Rxa1 g4 22.
cxd6 (22. fxg4 $1 fxg4 (22... fxe4 23. cxd6 cxd6 24. Nc4) 23. c6 $1 bxc6 24.
dxc6 Be6 25. Ra7 Qf7 26. Bb6) 22... cxd6 23. Qc7 (23. fxg4 fxg4) (23. Qc7 Bb5
24. Bxb5 Qxb5 25. Qxd6 Qd3 26. Nf1 gxf3 $11) 1/2-1/2

[Event "Mechanics' Winter TNM; G/2 d5"]
[Site "San Francisco"]
[Date "2019.02.05"]
[Round "5.5"]
[White "Anderson, Michael"]
[Black "Kuczek, Kevin W"]
[Result "1/2-1/2"]
[WhiteElo "1903"]
[BlackElo "2003"]
[Annotator "Winslow,Elliott"]
[PlyCount "50"]
[EventDate "2019.01.08"]
[EventType "swiss"]
[EventRounds "8"]
[EventCountry "USA"]

1. e4 e5 2. Nf3 Nc6 3. d4 exd4 4. Nxd4 Bc5 5. Nxc6 Qf6 6. Qd2 dxc6 7. Nc3 Be6
8. Na4 Rd8 9. Bd3 Be7 10. O-O Qd4 11. Qa5 b5 12. Nc3 Qb6 13. Qxb6 cxb6 14. e5
f6 15. Be4 Rc8 16. Bf4 b4 17. Ne2 g5 18. exf6 Bxf6 19. Bd2 c5 20. f4 Bc4 21.
Rae1 Ne7 22. b3 Bxe2 23. Rxe2 gxf4 24. Bxf4 O-O 25. Bd6 Rfe8 {Anderson's
scoresheet (none from Kuczek) is unreadable. 34 moves or so.} 1/2-1/2

[Event "Mechanics' Winter TNM; G/2 d5"]
[Site "San Francisco"]
[Date "2019.02.05"]
[Round "5.6"]
[White "Tamondong, Cesar B"]
[Black "Askin, Michael"]
[Result "1/2-1/2"]
[WhiteElo "1608"]
[BlackElo "1993"]
[PlyCount "73"]
[EventDate "2019.01.08"]
[EventType "swiss"]
[EventRounds "8"]
[EventCountry "USA"]

1. d4 d5 2. c4 c6 3. Qc2 Nf6 4. Nf3 g6 5. g3 Bg7 6. Bg2 O-O 7. O-O Bf5 8. Qb3
Qb6 9. Qxb6 axb6 10. Nbd2 Ne4 11. cxd5 cxd5 12. e3 Nc6 13. a3 Nb4 14. Nxe4 Bxe4
15. Bd2 Nc6 16. Rac1 Rfc8 17. Nh4 Bxg2 18. Nxg2 Na5 19. Bb4 e6 20. Nf4 Bf8 21.
Nd3 Nb3 22. Rxc8 Rxc8 23. Bxf8 Kxf8 24. Rb1 Ke7 25. Kg2 Kd6 26. Ne5 f6 27. Nd3
Rc2 28. Rd1 g5 29. g4 Nd2 30. Rc1 Rxc1 31. Nxc1 e5 32. a4 Nc4 33. b3 Nd2 34.
Kg3 e4 35. b4 Nc4 36. Ne2 Nb2 37. Nc3 1/2-1/2

[Event "Mechanics' Winter TNM; G/2 d5"]
[Site "San Francisco"]
[Date "2019.02.05"]
[Round "5.7"]
[White "Harris, John"]
[Black "Wonsever, James"]
[Result "1/2-1/2"]
[WhiteElo "1854"]
[BlackElo "1916"]
[PlyCount "68"]
[EventDate "2019.01.08"]
[EventType "swiss"]
[EventRounds "8"]
[EventCountry "USA"]

1. c4 e5 2. g3 Nf6 3. Bg2 c6 4. d4 exd4 5. Qxd4 Bb4+ 6. Nc3 d6 7. Nf3 O-O 8.
O-O Re8 9. e3 Bf5 10. Rd1 Na6 11. a3 Bc5 12. Qd2 Ng4 13. Nd4 Bxd4 14. exd4 Nc7
15. d5 c5 16. b3 Qd7 17. Bb2 Ne5 18. f4 Nd3 19. Bf1 Nxb2 20. Qxb2 Re3 21. Kf2
Rae8 22. Re1 Rxe1 23. Rxe1 Bh3 24. Rxe8+ Nxe8 25. Qe2 Kf8 26. Bg2 Bxg2 27. Kxg2
Nf6 28. h3 a6 29. g4 g6 30. Qe1 Qe8 31. Qxe8+ Kxe8 32. Kf3 h5 33. Ne4 hxg4+ 34.
hxg4 Nxe4 1/2-1/2

[Event "Mechanics' Winter TNM; G/2 d5"]
[Site "San Francisco"]
[Date "2019.02.05"]
[Round "5.9"]
[White "Griffith, Kyron Wa"]
[Black "Babayan, Gagik"]
[Result "1-0"]
[WhiteElo "2458"]
[BlackElo "1806"]
[PlyCount "93"]
[EventDate "2019.01.08"]
[EventType "swiss"]
[EventRounds "8"]
[EventCountry "USA"]

1. e4 e5 2. Nf3 Nc6 3. Nc3 Nf6 4. d4 exd4 5. Nxd4 d6 6. Nxc6 bxc6 7. Bd3 Be7 8.
O-O O-O 9. h3 a5 10. Re1 Nd7 11. f4 Ba6 12. Bxa6 Rxa6 13. Be3 Bf6 14. Qd3 Ra8
15. Rad1 Qc8 16. Bf2 Qa6 17. e5 Qxd3 18. Rxd3 Be7 19. exd6 Bxd6 20. Ne4 Nf6 21.
Nxd6 cxd6 22. Rxd6 Rac8 23. Re5 Nd5 24. g3 f6 25. Ree6 Nb4 26. c3 Nxa2 27. Re1
Rb8 28. Rd2 Rb3 29. Ra1 Nxc3 30. bxc3 Rxc3 31. Rxa5 Kf7 32. Rc5 Rxc5 33. Bxc5
Ra8 34. Rd7+ Kg6 35. g4 h6 36. Rc7 Ra4 37. Bf8 f5 38. Rxg7+ Kf6 39. g5+ hxg5
40. fxg5+ Ke5 41. Re7+ Kf4 42. g6 Kf3 43. Re1 Ra2 44. g7 Rg2+ 45. Kh1 Rg3 46.
Rf1+ Ke4 47. Rg1 1-0

[Event "Mechanics' Winter TNM; G/2 d5"]
[Site "San Francisco"]
[Date "2019.02.05"]
[Round "5.10"]
[White "Kim, Andy"]
[Black "Wong, Russell"]
[Result "1/2-1/2"]
[WhiteElo "1604"]
[BlackElo "2200"]
[PlyCount "80"]
[EventDate "2019.01.08"]
[EventType "swiss"]
[EventRounds "8"]
[EventCountry "USA"]

1. d4 g6 2. Nf3 Bg7 3. Bg5 c5 4. e3 Nc6 5. c3 h6 6. Bh4 Qb6 7. Qb3 Na5 8. Qxb6
axb6 9. Nbd2 Nf6 10. Bb5 O-O 11. Ne5 d6 12. Bxf6 Bxf6 13. Nec4 Nxc4 14. Nxc4
Be6 15. a4 Bxc4 16. Bxc4 e6 17. f4 d5 18. Bb5 Bh4+ 19. g3 Be7 20. Kd2 Bd6 21.
h4 Kg7 22. Ke2 Bc7 23. Raf1 Rad8 24. Kd2 f6 25. Ke2 Rf7 26. Rf3 Re7 27. Re1 e5
28. Kd2 Bd6 29. dxe5 fxe5 30. Rff1 d4 31. Kc2 Rc7 32. exd4 exf4 33. dxc5 bxc5
34. gxf4 Rf8 35. f5 Rxf5 36. Rxf5 gxf5 37. Re6 Be7 38. h5 Bf6 39. Kd3 Re7 40.
Rxe7+ Bxe7 1/2-1/2

[Event "Mechanics' Winter TNM; G/2 d5"]
[Site "San Francisco"]
[Date "2019.02.05"]
[Round "5.11"]
[White "Quang, Danny"]
[Black "Corper, Adam"]
[Result "0-1"]
[WhiteElo "1719"]
[BlackElo "2193"]
[PlyCount "96"]
[EventDate "2019.01.08"]
[EventType "swiss"]
[EventRounds "8"]
[EventCountry "USA"]

1. d4 d5 2. Bf4 Nf6 3. e3 c5 4. c3 Nc6 5. Bd3 e6 6. Nf3 Nh5 7. Bg3 Be7 8. dxc5
Bxc5 9. Nbd2 Bd7 10. Nb3 Be7 11. Nfd4 g6 12. Nxc6 bxc6 13. Be2 Nxg3 14. hxg3 e5
15. Nd2 Rb8 16. b3 Qa5 17. Qc2 Bf5 18. Bd3 Bxd3 19. Qxd3 Bf6 20. Qc2 Qa6 21. e4
O-O 22. Rb1 Rfd8 23. c4 Bg5 24. exd5 cxd5 25. O-O Bxd2 26. Qxd2 dxc4 27. Qe2
Rdc8 28. bxc4 Rxb1 29. Rxb1 Qxc4 30. Qxe5 Qxa2 31. Ra1 Qd2 32. g4 Rc1+ 33. Rxc1
Qxc1+ 34. Kh2 Qc8 35. g5 Qd8 36. f4 a5 37. Qb5 h6 38. gxh6 Kh7 39. Qc4 Qe8 40.
g4 Kxh6 41. g5+ Kh7 42. Qd3 a4 43. Kg1 Qc8 44. Qf3 Qc1+ 45. Kh2 Qb2+ 46. Kg1 a3
47. f5 Qb1+ 48. Kh2 Qxf5 0-1

[Event "Mechanics' Winter TNM; G/2 d5"]
[Site "San Francisco"]
[Date "2019.02.05"]
[Round "5.12"]
[White "Askin, David Benjamin"]
[Black "Talamantez, Abel"]
[Result "1-0"]
[WhiteElo "2019"]
[BlackElo "1621"]
[Annotator "Winslow,Elliott"]
[PlyCount "63"]
[EventDate "2019.01.08"]
[EventType "swiss"]
[EventRounds "8"]
[EventCountry "USA"]

1. d4 Nf6 2. c4 e6 3. Nf3 d5 4. Nc3 Be7 5. Bg5 O-O (5... h6 6. Bh4 O-O (6...
Nbd7)) 6. e3 h6 (6... Nbd7 7. Rc1 h6 {so that} 8. Bxf6 {can be met with} Nxf6)
7. Bh4 (7. Bxf6 Bxf6 8. Rc1 {is quite a viable system for White}) 7... Nbd7 (
7... b6) (7... Ne4) 8. Rc1 (8. Bd3 c5 $1) (8. Qc2 c5 $1 {"a 'Professional'
equalizing line"} (8... c6 $5 {"a complex, combative option"}) 9. cxd5 (9. Rd1
Qa5 $1)) (8. cxd5 Nxd5 $1) 8... c5 $1 (8... c6 $5 9. Bd3 $1 a6 $5 (9... dxc4
10. Bxc4 Nd5 11. Bg3 $1 $14) 10. c5 $1 e5 $1 (10... Re8 11. Bg3 $1)) 9. cxd5 (
9. Bd3 dxc4 10. Bxc4 cxd4 11. exd4 (11. Nxd4 Ne5) 11... a6 12. a4 b5 $1 13.
axb5 Nb6 14. Bd3 axb5 (14... Nfd5 $5) 15. Bxb5 Bb7 $15) (9. dxc5 dxc4 $1 10.
Bxc4 Nxc5 11. O-O a6 12. Nd4 Nfe4 13. Bxe7 Qxe7 14. Qc2 Nxc3 15. Qxc3 Na4 {
was the classic "something out of nothing" Matlakov - Kramnik, Qatar 2015. 0-1
73.}) 9... Nxd5 10. Bxe7 Qxe7 $2 {This just drops a pawn.} (10... Nxe7 $1 11.
Be2 b6 {is what it's about -- Black is fine.}) 11. Nxd5 exd5 12. dxc5 $16 Nf6
$146 (12... Nxc5 13. Qxd5 (13. Be2 Rd8 14. Nd4 Bd7 15. O-O Rac8 16. Qd2 b6 17.
b4 Ne4 18. Qb2 Rxc1 19. Rxc1 Rc8 20. Rxc8+ Bxc8 21. Qc2 Bb7 22. f3 Nd6 23. Qc3
Ne8 24. Nf5 Qd7 25. Bd3 Kf8 26. b5 Kg8 27. Qa3 g6 28. Nxh6+ Kh7 29. Qf8 Nd6 30.
Qg8+ Kxh6 31. Qh8+ Kg5 32. h4# {1-0 (32) Krupenski,J (2413)-Lelumees,B (2172)
Tallinn 2017}) 13... Ne4 {4-0 in Mega. Hmm.} 14. a3 Re8 15. Bd3 Nxf2 16. Kxf2
Qxe3+ 17. Kg3 Qb6 18. Rhe1 Be6 19. Qd4 Qb3 20. Bc2 Qb5 21. Re5 Qa6 22. Bd3 {
1-0 (22) Hole,O (2386)-Ohman,K Oslo 2010}) 13. Be2 $18 Bf5 14. O-O Rfc8 15. b4
a5 16. a3 axb4 17. axb4 g5 $6 18. Nd4 Bd7 19. Qc2 Ne4 20. Bf3 f5 21. Ra1 Qe5
22. Rxa8 Rxa8 23. Bxe4 dxe4 24. Qc4+ Kg7 25. b5 f4 26. c6 bxc6 27. Nxc6 Bxc6
28. bxc6 f3 29. c7 Qf5 30. Rd1 fxg2 $6 (30... Qg4 31. Qd4+ $1 Kg8 32. Kf1 $1
Qxg2+ 33. Ke1 Qg1+ 34. Kd2 Qxf2+ 35. Kc3 {is a crazy computer defense that
seems to win} Qa2 36. Qc5 Ra3+ 37. Kd4 {In fact, Stockfish 10 finds mate in 41
(!!).}) 31. Qc3+ Kg6 32. Qc6+ 1-0

[Event "Mechanics' Winter TNM; G/2 d5"]
[Site "San Francisco"]
[Date "2019.02.05"]
[Round "5.13"]
[White "Melville, Cailen"]
[Black "Xu, Jayden"]
[Result "1-0"]
[WhiteElo "1954"]
[BlackElo "1619"]
[Annotator "Winslow,Elliott"]
[PlyCount "55"]
[EventDate "2019.01.08"]
[EventType "swiss"]
[EventRounds "8"]
[EventCountry "USA"]

1. d4 Nf6 2. c4 e6 3. g3 c5 4. d5 exd5 5. cxd5 d6 6. Nc3 g6 7. Nf3 Bg7 8. Bg2
O-O 9. O-O a6 10. a4 Nbd7 11. Bf4 (11. Nd2) (11. h3) (11. Re1) 11... Qe7 12.
Rb1 Rb8 13. b4 b6 14. bxc5 Nxc5 15. Nd4 Bd7 16. Nc6 Bxc6 17. dxc6 Rfd8 18. Bg5
Rdc8 19. Nd5 Qd8 20. Qc1 Rxc6 $4 21. Nxf6+ Bxf6 22. Bxf6 Qxf6 23. Bxc6 Qe6 24.
Qe3 d5 25. Qxe6 fxe6 26. Rfc1 Rc8 27. Rxb6 Nxa4 28. Rxa6 1-0

[Event "Mechanics' Winter TNM; G/2 d5"]
[Site "San Francisco"]
[Date "2019.02.05"]
[Round "5.14"]
[White "Malykin, Erika"]
[Black "Lum, Michael K"]
[Result "0-1"]
[WhiteElo "1628"]
[BlackElo "1941"]
[PlyCount "107"]
[EventDate "2019.01.08"]
[EventType "swiss"]
[EventRounds "8"]
[EventCountry "USA"]

1. d4 Nf6 2. e3 c5 3. d5 d6 4. b3 g6 5. Bb2 Bg7 6. c4 O-O 7. Bd3 Na6 8. Ne2 Nb4
9. Nbc3 e6 10. a3 Nxd3+ 11. Qxd3 e5 12. O-O Nh5 13. e4 f5 14. Ng3 Nxg3 15. fxg3
Bh6 16. h3 Qe7 17. Rae1 Bd7 18. a4 a5 19. Bc1 Bxc1 20. Rxc1 Qg5 21. h4 Qg4 22.
Qf3 h5 23. Rf2 Rf7 24. Nb5 Bxb5 25. cxb5 Qxe4 26. Qxe4 fxe4 27. Re1 Raf8 28.
Rxf7 Rxf7 29. Rxe4 b6 30. g4 hxg4 31. Rxg4 Kh7 32. Re4 Kh6 33. Rg4 Rf5 34. Re4
Kg7 35. Rc4 Kf6 36. Re4 Rf4 37. Rxf4+ exf4 38. Kf2 g5 39. Kf3 Kf5 40. g4+ fxg3
41. h5 g4+ 42. Kxg3 Kg5 43. h6 Kxh6 44. Kxg4 Kg6 45. Kf4 Kf6 46. Ke4 Kg5 47.
Kd3 Kf5 48. Kc4 Ke4 49. Kc3 Kxd5 50. Kd3 Ke5 51. Ke3 d5 52. Kd3 Kf4 53. Kd2 Ke4
54. Ke2 0-1

[Event "Mechanics' Winter TNM; G/2 d5"]
[Site "San Francisco"]
[Date "2019.02.05"]
[Round "5.15"]
[White "Rudyak, Felix"]
[Black "Busch, Jonah"]
[Result "0-1"]
[WhiteElo "1892"]
[BlackElo "1799"]
[Annotator "Winslow,Elliott"]
[PlyCount "50"]
[EventDate "2019.01.08"]
[EventType "swiss"]
[EventRounds "8"]
[EventCountry "USA"]

1. d4 e6 2. c4 Nf6 3. Nc3 Bb4 4. Qc2 c5 5. Nf3 (5. dxc5) 5... Nc6 6. dxc5 Qa5 (
6... Bxc5) (6... O-O) 7. Bd2 Qxc5 8. a3 (8. e3) 8... Bxc3 9. Bxc3 (9. Qxc3 O-O
10. b4) 9... Qxc4 $146 (9... d5 10. e3 dxc4 11. Nd2 b5 12. Bxf6 gxf6 13. Ne4
Qe7 14. Qc3 Ne5 15. Rd1 O-O 16. f4 Bb7 17. Ng3 Nd3+ 18. Bxd3 cxd3 19. Nh5 e5
20. O-O Be4 21. fxe5 fxe5 22. Nf6+ {1-0 (22) Oestreich,R-Illgen,H Bad
Oeynhausen 1964}) 10. e3 Qc5 11. Bd3 (11. b4 $1) 11... Nd5 (11... e5) (11...
Qe7) 12. Bxg7 $16 Qxc2 13. Bxc2 Rg8 14. Bh6 f5 (14... b6) 15. O-O b6 16. e4
fxe4 17. Bxe4 Nf6 18. Bxc6 dxc6 19. Rfe1 c5 20. g3 $6 (20. Bg5) (20. Rad1 $1)
20... Bd7 $2 (20... Bb7 $14) 21. Rad1 (21. Bg5 $1 Rf8 22. Ne5 Ba4 23. Re3)
21... O-O-O 22. Bf4 (22. Bg5) 22... Nd5 23. Bg5 $4 Rdf8 $19 24. Rd3 Bb5 25. Rb3
Bc4 0-1

[Event "Mechanics' Winter TNM; G/2 d5"]
[Site "San Francisco"]
[Date "2019.02.05"]
[Round "5.16"]
[White "McKellar, Daniel"]
[Black "Agdamag, Samuel Za"]
[Result "1-0"]
[WhiteElo "1872"]
[BlackElo "1506"]
[Annotator "McKellar,Daniel/Winslow,Elliott"]
[PlyCount "119"]
[EventDate "2019.01.08"]
[EventType "swiss"]
[EventRounds "8"]
[EventCountry "USA"]

1. d4 f5 2. Nc3 e6 3. e4 fxe4 4. Nxe4 Nf6 5. Bg5 Be7 6. Bd3 O-O (6... Nxe4 7.
Bxe7 Qxe7 (7... Nxf2 8. Qh5+ Kxe7 9. Qh4+)) 7. Nxf6+ (7. Ng3) 7... Bxf6 8. Bxf6
Qxf6 9. Qd2 Nc6 10. Nf3 Qf4 11. c3 Qxd2+ 12. Kxd2 a6 13. Rhf1 b5 14. Ng5 g6 15.
Rae1 Bb7 16. Ne4 d6 17. f3 (17. Ng5 e5 18. Be4 exd4 19. cxd4) 17... Rae8 18. a3
Kg7 19. h4 {"Now Black gets some initiative" (DMcK)} e5 20. dxe5 Nxe5 21. Bc2
Nc4+ 22. Kc1 Bd5 23. Rh1 h5 24. Rd1 Bxe4 25. Bxe4 Ne3 26. Rd2 Nc4 (26... Nf5)
27. Rd5 c6 28. Rg5 Ne5 29. g4 d5 (29... hxg4 30. Bxg6 (30. fxg4 Kh6 {"and
White's play fizzles out" (DMcK)}) 30... Nxg6 31. h5 gxf3 32. Rxg6+ Kh7 33.
Rxd6) 30. Bxg6 Nxg6 31. gxh5 Rxf3 32. Rhg1 Rf2 33. Rxg6+ Kf7 $2 (33... Kh7 34.
R6g2 {"may offer better chances for a draw" (DMcK) clear plus White (SF10)} (
34. Rg7+ Kh6 35. Rg8 Rxg8 36. Rxg8 Kxh5 37. Rh8+)) 34. Rg7+ $18 Kf6 35. R1g6+
Ke5 36. Rxc6 Ke4 37. Rg4+ Kd3 38. Rg3+ Ke4 39. Rg1 Kd3 40. Rd1+ Ke2 41. Rd2+
Kf1 42. Rxf2+ Kxf2 43. Rf6+ (43. Rxa6) 43... Ke2 44. Rf5 Re4 45. Rxd5 Rxh4 46.
Kc2 Ke3 47. Kb3 Rh1 48. a4 bxa4+ 49. Kxa4 Ra1+ 50. Kb4 Ra2 51. b3 Rh2 52. Ka5
Ra2+ 53. Kb6 Rb2 54. b4 Rc2 55. Rc5 Ra2 56. h6 Rh2 57. Rc6 Ra2 58. Rc8 Rg2 59.
h7 Rg6+ 60. Rc6 1-0

[Event "Mechanics' Winter TNM; G/2 d5"]
[Site "San Francisco"]
[Date "2019.02.05"]
[Round "5.17"]
[White "Morgan, Jerry"]
[Black "Pane, Gianluca"]
[Result "0-1"]
[WhiteElo "1491"]
[BlackElo "1863"]
[Annotator "Winslow,Elliott"]
[PlyCount "86"]
[EventDate "2019.01.08"]
[EventType "swiss"]
[EventRounds "8"]
[EventCountry "USA"]

1. f4 c5 2. Nf3 d5 3. e3 Nc6 4. Bb5 Bd7 5. b3 Nf6 6. Bb2 e6 7. O-O Be7 8. Bxc6
Bxc6 9. Ne5 Qc7 10. d3 O-O 11. Nd2 Nd7 12. Ndf3 f6 13. Nxc6 Qxc6 14. Qe1 b5 15.
c4 bxc4 16. dxc4 Nb6 17. Nd2 Rfd8 (17... a5) (17... dxc4 18. Nxc4 Nxc4 19. bxc4
Qe4) 18. Qe2 a5 19. a4 Ra7 20. Qf3 Qe8 21. Qg4 Qf7 22. Rad1 f5 23. Qe2 Bf6 24.
Nf3 Rad7 25. Be5 dxc4 26. Bxf6 gxf6 27. bxc4 Rxd1 28. Rxd1 Rxd1+ 29. Qxd1 Nxc4
$2 (29... Qd7 $11) 30. Qd3 e5 31. fxe5 (31. Nh4 $1 $16) 31... Nxe5 32. Qd8+ Qf8
33. Qxa5 Qe7 34. Qa8+ Kg7 $11 35. Nh4 Qd7 36. h3 c4 37. a5 $4 {No good --
White has to get on stopping that c-pawn NOW.} (37. Qa5 Qd3 38. Qa7+ Kg8 $11 {
Perpetual when you want it} (38... Kf8 39. Qxh7)) (37. Qb8 c3 38. Qb1) 37... c3
$19 38. Nxf5+ Qxf5 39. Qb7+ Kg6 40. a6 c2 41. Qc7 Qd3 42. a7 Qxe3+ 43. Kh2 Qf4+
0-1

[Event "Mechanics' Winter TNM; G/2 d5"]
[Site "San Francisco"]
[Date "2019.02.05"]
[Round "5.18"]
[White "Jensen, Christian"]
[Black "Carron, Joel"]
[Result "1-0"]
[WhiteElo "1857"]
[BlackElo "1491"]
[PlyCount "61"]
[EventDate "2019.01.08"]
[EventType "swiss"]
[EventRounds "8"]
[EventCountry "USA"]

1. e4 c5 2. Nf3 g6 3. d4 cxd4 4. Qxd4 Nf6 5. e5 Nc6 6. Qa4 Nd5 7. Qe4 Nc7 8.
Nc3 Bg7 9. Bf4 O-O ({Relevant:} 9... b5 10. O-O-O b4 11. Nd5 Nxd5 12. Qxd5 e6
13. Qe4 h6 14. h4 Qc7 15. Bb5 Qb6 16. Qc4 Ne7 17. Be3 Qa5 18. Bc5 a6 19. Bxe7
Kxe7 20. Qc5+ Kd8 21. Nd4 Bf8 22. Nc6+ Ke8 23. Qxf8+ Rxf8 24. Nxa5 axb5 25. Nb3
Bb7 26. f3 Rxa2 27. Kb1 Ra7 28. Nc5 Bd5 29. b3 f6 30. exf6 Rxf6 31. Nd3 Ke7 32.
Nxb4 Ba8 33. Kb2 Rc7 34. Rd4 Rf5 35. Ra1 Bc6 36. Rad1 Bb7 37. Rg4 g5 38. Rh1
Rcc5 39. Nd3 {Karjakin,S (2721)-Guseinov,G (2659) Baku 2009 1/2-1/2 (62)}) 10.
O-O-O Ne6 11. Be3 Qc7 $146 ({Predecessor:} 11... Qa5 12. Rd5 Qc7 13. h4 b6 14.
h5 Bb7 15. Bd3 Rfc8 16. hxg6 hxg6 17. Qh4 Nxe5 18. Rxe5 Bxf3 19. Qh7+ Kf8 20.
Bh6 Bxh6+ 21. Qxh6+ Ke8 22. Qh8+ Nf8 23. gxf3 Qd6 24. Qg7 e6 25. Rh8 Ke7 26.
Nd5+ Ke8 27. Bxg6 fxg6 28. Rxf8+ {1-0 (28) Li,C (2548)-Sande Edreira,J (2342)
Pamplona 2007}) 12. Be2 a6 13. h4 h5 14. Kb1 b5 15. Nd5 Qa5 16. Nb6 Rb8 17.
Nxd7 Bxd7 18. Rxd7 Rbc8 19. Rc1 Nb4 20. a3 Nc6 21. Rb7 Kh7 22. Bb6 Qa4 23. Qxa4
bxa4 24. Bxa6 Rb8 25. Re1 Rxb7 26. Bxb7 Rb8 27. Bxc6 Rxb6 28. Bxa4 Nc5 29. Be8
f6 30. b4 Na4 31. Bxa4 1-0